| 000 | 00321cam a22001097a 4500 | ||
|---|---|---|---|
| 008 | 180718b1976 xxu||||| |||| 00| 0 eng d | ||
| 082 | _aA75 M264RA | ||
| 100 | _aGuru, S.D. | ||
| 245 |
_aMadhya Pradesh district gazetteers: Raigarh _cby S.D. Guru |
||
| 260 |
_aBhopal _bDistrict Gazetteers Department _c1976 |
||
| 300 | _a462+p. | ||
| 999 |
_c487096 _d487096 |
||